Pop culture en images - S - Statistiques

Statistiques générales
  • Ce quiz a été pris 658 fois
  • Le résultat moyen est 9 sur 16
Statistiques - réponses
Par images Réponse % Correct
Sonic
99%
Superman
99%
Scooby-Doo
94%
Sid
88%
Sirius Black
72%
Saitama
70%
Spirit
64%
Shoto Todoroki
51%
Spyro
46%
Shifu
40%
Sarah Connor
38%
Sansa Stark
34%
Sea of Thieves
33%
Senku Ishigami
30%
Soma Yukihira
27%
Soap
9%
Aucun quiz correspondant
Distribution des résultats
% des personnes avec chaque résultat
Percentile par nombre de réponses
Votre historique - résultats
Vous n’avez pas pris ce quiz